00902nam a2200229 a 4500001001000000003000500010005001700015008004100032010001100073011001100084040000900095100002800104245015000132260004100282500006000323502008700383650002200470650002700492650004300519650004000562856007000602000115298CHAP20220329144528.0190220s2018 mx sm |||||||spa d a111759 a112731 cCHAP1 aCarmona Romero, Marily.10aCaracterización ecológica de los lagos del Ejido San Bernardino Lagunas, en la Sierra Negra, Pueblah[En línea]cpor Marily Carmona Romero. aChapingo, Méx. :bEl autor,c2018. aPara ver el contenido del material haga clic en la liga aTesis (Ing. en Restauración Forestal) -- UACH. División de Ciencias Forestales14aAguaxAnálisis.14aAguaxContaminación.14aPlantas acuáticasxIdentificación.14aZonificación ecológicazPuebla. aFinding aiduhttp://10.13.5.2/tesis/sist115298.pdfzTeclea aquí